000 00421nam a22001697a 4500
005 20160519095716.0
008 160519b xxu||||| |||| 00| 0 eng d
020 _a81-8631462-8
041 _aeng
082 _b3111
100 _aJhamb L.C.
_9776
245 _aQuantitative Techniques for managerial decisions
260 _aPune
_bEverest Publishing house
300 _a349
650 _aManagement
_9241
942 _cBK
999 _c1068
_d1068